[Event "Bunratty Open"]
[Site "Bunratty IRL"]
[Date "2012.02.18"]
[Round "2"]
[White "Galego, Luis"]
[Black "Griffiths, Ryan Rhys"]
[Result "1-0"]
[WhiteTitle "GM"]
[BlackTitle "FM"]
[WhiteElo "2481"]
[BlackElo "2310"]
[WhiteFideId "1900072"]
[BlackFideId "2502054"]
[EventDate "2012.02.17"]

1. e4 c5 2. Nf3 d6 3. Nc3 Nf6 4. g3 Nc6 5. Bg2 g6 6. O-O Bg7 7. d3 O-O 8. h3 Rb8
9. Bg5 b5 10. a3 a5 11. Qd2 b4 12. axb4 axb4 13. Nd5 Be6 14. Nxf6+ exf6 15. Bh6
d5 16. Bxg7 Kxg7 17. Qf4 b3 18. c3 Qd7 19. h4 h5 20. e5 fxe5 21. Nxe5 Nxe5 22.
Qxe5+ f6 23. Qe3 Qd6 24. d4 c4 25. Rfe1 Rbe8 26. Ra7+ Rf7 27. Rea1 Qf8 28. Qf4
Rxa7 29. Rxa7+ Re7 30. Ra6 Bg8 31. Bf3 Re6 32. Ra7+ Re7 33. Ra1 Qd8 34. Kg2 Bf7
35. g4 hxg4 36. Qxg4 Qd7 37. Qf4 Qc7 38. Qg4 Qd7 39. Qf4 Qc7 40. Qxc7 Rxc7 41.
Ra6 Rd7 42. Kg3 Rd8 43. Ra7 Kf8 44. Kf4 Re8 45. h5 Kg8 46. hxg6 Be6 47. Bg2 Kh8
48. Bf3 Rd8 49. Rh7+ Kg8 50. Re7 Re8 51. Ra7 Kh8 52. Rh7+ Kg8 1-0

[Event "Bunratty Open"]
[Site "Bunratty IRL"]
[Date "2012.02.19"]
[Round "6"]
[White "Pein, Malcolm"]
[Black "Baburin, Alexander"]
[Result "1/2-1/2"]
[WhiteTitle "IM"]
[BlackTitle "GM"]
[WhiteElo "2382"]
[BlackElo "2535"]
[WhiteFideId "400289"]
[BlackFideId "2500914"]
[EventDate "2012.02.17"]

1. Nf3 Nf6 2. c4 e6 3. Nc3 d5 4. d4 Nbd7 5. cxd5 exd5 6. Bg5 c6 7. e3 Be7 8. Bd3
Nh5 9. Bxe7 Qxe7 10. Qc2 Nf4 11. O-O-O Nxd3+ 12. Qxd3 Nb6 13. Nd2 Be6 14. Kb1
O-O-O 15. f3 f6 16. Nb3 Bf7 17. Ka1 Bg6 18. e4 Kb8 19. Nc5 Ka8 20. Rhe1 Rhe8 21.
Qd2 dxe4 22. fxe4 Bh5 23. Ne2 Nd7 24. Nxd7 Rxd7 25. h3 Qxe4 26. g4 Bf7 27. Nc3
Qf3 28. Rxe8+ Bxe8 29. d5 Bf7 30. d6 b6 31. g5 Kb7 32. h4 Qg4 33. gxf6 gxf6 34.
Qh6 Bg6 35. a3 a5 36. Qe3 Qc4 37. Qh3 Qf7 38. Qe3 Qc4 39. Qh3 Qf7 40. Qe3 Qc4
41. Rd4 Qc5 1/2-1/2